[Event "PRO League Group Stage"]
[Site "chess.com INT"]
[Date "2019.02.27"]
[Round "8"]
[White "Smith, Daniel"]
[Black "Grabinsky, Joshua"]
[Result "1/2-1/2"]
[BlackTitle "CM"]
[WhiteElo "2047"]
[BlackElo "2078"]
[WhiteTeam "Montclair Sopranos"]
[BlackTeam "Webster Windmills"]
[WhiteFideId "2024195"]
[BlackFideId "30919754"]
[EventDate "2019.01.08"]

1. e4 e6 2. d4 d5 3. Nc3 Bb4 4. e5 c5 5. a3 Bxc3+ 6. bxc3 Qc7 7. Qg4 f5 8. Qg3
Nc6 9. Bb5 cxd4 10. Bxc6+ bxc6 11. cxd4 Ba6 12. Bd2 c5 13. dxc5 Ne7 14. Bb4 O-O
15. Nf3 Nc6 16. Bd2 Qb7 17. Qh4 Qb2 18. Rc1 Nxe5 19. Qf4 Nxf3+ 20. Qxf3 Rac8 21.
Qb3 Qe5+ 22. Qe3 Qf6 23. Bc3 Qg6 24. Qg3 Qh6 25. f4 Rxc5 26. Be5 Rfc8 27. c3 g6
28. Kf2 Qh5 29. Rhe1 Rb5 30. Re2 Rc4 31. Qe3 Re4 32. Qf3 Rxe2+ 33. Qxe2 Qxe2+
34. Kxe2 Rb2+ 35. Kf3 Be2+ 36. Kg3 Bd3 37. c4 Rb3 38. cxd5 Bc4+ 39. Rc3 Rxc3+
40. Bxc3 Bxd5 41. Bd4 a6 42. Kf2 Kf7 43. g3 Ke7 44. Bc5+ Kd7 45. Ke3 Kc6 46. Kd4
Kb5 47. Be7 Ka4 48. Ke5 Kb3 49. Kf6 Kc3 50. Kg7 Bf3 51. Kxh7 Bh5 52. Kg7 Kd4 53.
Kf6 Ke4 54. Kxe6 Kf3 55. Kd5 Kg2 56. Bh4 Kxh2 57. Kc5 Kg2 58. Kb6 Be2 59. Ka5
Kf3 60. Kb6 Ke4 61. Kc5 Bb5 62. Kb4 Kd5 63. Bf6 Be2 64. Bh4 Kc6 65. Ka5 Kc5 66.
Be7+ Kd4 67. Bf6+ Ke3 68. Bh4 Kd2 69. Kb4 Kc2 70. Bf6 Kb1 71. Bg7 Ka2 72. Bf8
Kb2 73. Ka5 Kb3 74. Kb6 Ka4 75. Kc7 Kb5 76. Kd7 Kc4 77. Kd6 Kd4 78. Ke6 Ke4 79.
Kf6 Bh5 80. Kg5 Kd5 81. Kf6 a5 82. Be7 Ke4 83. Kg5 Ke3 84. Bd8 a4 85. Be7 Kf3
86. Kh4 Ke4 87. Bb4 Kd5 88. Bf8 Kc4 89. Be7 Kd5 90. Bf8 Ke6 91. Bb4 Bd1 92. Kg5
Kf7 93. Bc5 Bh5 94. Bb4 Ke6 95. Bc5 Kd5 96. Bf8 Kd4 97. Be7 Ke3 98. Kh4 Ke4 1/2-1/2

[Event "PRO League Group Stage"]
[Site "chess.com INT"]
[Date "2019.02.27"]
[Round "8"]
[White "Caruana, Fabiano"]
[Black "Postny, Evgeny"]
[Result "1/2-1/2"]
[WhiteTitle "GM"]
[BlackTitle "GM"]
[WhiteElo "2828"]
[BlackElo "2623"]
[WhiteTeam "Saint Louis Arch Bishops"]
[BlackTeam "Pittsburgh Pawngrabbers"]
[WhiteFideId "2020009"]
[BlackFideId "2804344"]
[EventDate "2019.01.08"]

1. e4 e5 2. Nf3 Nc6 3. Bb5 a6 4. Ba4 Nf6 5. d3 d6 6. c3 g6 7. O-O Bg7 8. h3 O-O
9. Be3 b5 10. Bc2 d5 11. Nbd2 Re8 12. a4 Rb8 13. Re1 b4 14. a5 bxc3 15. bxc3 h6
16. Nb3 Bf8 17. Qc1 Kh7 18. Bc5 Bxc5 19. Nxc5 Qd6 20. Nb3 Be6 21. Nbd2 Qc5 22.
Ba4 dxe4 23. Nxe4 Nxe4 24. Rxe4 Bd5 25. Rh4 h5 26. Ng5+ Kg7 27. c4 Be6 28. Ne4
Qe7 29. Bxc6 Qxh4 30. Bxe8 Rxe8 31. Nc5 Bc8 32. Qe3 Qd4 33. Qxd4 exd4 34. Kf1
Bf5 35. Ra3 Bc8 36. Ra2 Bf5 37. Rd2 Re5 38. Nb3 g5 39. f3 Kf6 40. g4 hxg4 41.
hxg4 Bg6 42. Kf2 c5 43. Rd1 Ke7 44. Nc1 Re3 45. Re1 Rxe1 46. Kxe1 Kd6 47. Ke2 f6
48. Nb3 Be8 49. Nd2 Bc6 50. Kf2 Bb7 51. Kg3 Ke5 52. Nb3 Kd6 53. f4 Bc6 54. Nd2
Bb7 55. Nf3 Bxf3 56. Kxf3 Ke7 57. Ke4 Ke6 58. Kf3 Ke7 59. Kg3 Kd7 60. Kf2 Ke7
61. Kf3 Kd7 62. Ke4 Ke6 1/2-1/2

[Event "PRO League Group Stage"]
[Site "chess.com INT"]
[Date "2019.02.27"]
[Round "8"]
[White "So, Wesley"]
[Black "Erenburg, Sergey"]
[Result "1-0"]
[WhiteTitle "GM"]
[BlackTitle "GM"]
[WhiteElo "2765"]
[BlackElo "2589"]
[WhiteTeam "Saint Louis Arch Bishops"]
[BlackTeam "Pittsburgh Pawngrabbers"]
[WhiteFideId "5202213"]
[BlackFideId "2805642"]
[EventDate "2019.01.08"]

1. e4 e5 2. Nf3 Nf6 3. Nxe5 d6 4. Nf3 Nxe4 5. Nc3 Nxc3 6. dxc3 Be7 7. Be3 Nc6 8.
Bc4 Bf5 9. Qe2 Qd7 10. O-O-O Be6 11. Bb5 a6 12. Ne5 dxe5 13. Rxd7 Bxd7 14. Bc4
O-O 15. Rd1 Rad8 16. Qf3 Bd6 17. Bd5 Rde8 18. g4 e4 19. Qg2 Ne5 20. h3 Bc6 21.
Qxe4 Ng6 22. Qh1 Ne7 23. Bxc6 Nxc6 24. c4 Rd8 25. c3 Rfe8 26. Kc2 Be7 27. Rxd8
Rxd8 28. b4 Rd7 29. b5 axb5 30. cxb5 Na5 31. Qe4 b6 32. c4 Bf8 33. c5 Re7 34.
Qd5 Re6 35. c6 Bd6 36. Bxb6 Re5 37. Qxe5 Bxe5 38. Bxa5 1-0

[Event "PRO League Group Stage"]
[Site "chess.com INT"]
[Date "2019.02.27"]
[Round "8"]
[White "Le, Tuan Minh"]
[Black "Niemann, Hans"]
[Result "1/2-1/2"]
[WhiteTitle "IM"]
[BlackTitle "IM"]
[WhiteElo "2515"]
[BlackElo "2466"]
[WhiteTeam "Pittsburgh Pawngrabbers"]
[BlackTeam "Saint Louis Arch Bishops"]
[WhiteFideId "12401153"]
[BlackFideId "2093596"]
[EventDate "2019.01.08"]

1. d4 d5 2. Nf3 c6 3. Bf4 Nf6 4. e3 Bg4 5. c4 Bxf3 6. gxf3 dxc4 7. Bxc4 e6 8.
Qb3 b5 9. Be2 Nbd7 10. Nc3 Be7 11. O-O O-O 12. Bg3 Qb6 13. Rfd1 Rfd8 14. Rac1
Nh5 15. a4 Nxg3 16. hxg3 a6 17. Ne4 Rab8 18. f4 bxa4 19. Qxa4 Qxb2 20. Bxa6 c5
21. Nxc5 Nxc5 22. dxc5 Rxd1+ 23. Qxd1 Qa3 24. Bc4 Rd8 25. Qc2 Qxc5 26. Qb1 Qb4
27. Qxb4 Bxb4 28. Rb1 Be7 29. Rb7 Kf8 30. g4 g6 31. Kg2 Rc8 32. Bb3 Rd8 33. Kf3
Rd2 34. Bc4 Rc2 35. Bd3 Rd2 36. Bf1 Bh4 37. Be2 Be7 38. Rb5 Rd7 39. Ra5 Kg7 40.
Bc4 Rc7 41. Bd3 Rd7 42. Ke2 Rb7 43. Ra2 Bf6 44. Kf3 Be7 45. Be4 Rd7 46. Kg3 Rc7
47. Ra6 Bf6 48. f5 exf5 49. gxf5 g5 50. Bf3 Rc1 51. Bh5 Rh1 52. Bf3 Rh4 53. Ra7
Be5+ 54. Kg2 Rh2+ 55. Kg1 Rh6 56. Bg4 Rh4 57. Bf3 Rh6 58. Kg2 Rf6 59. Bg4 Bd6
60. Rd7 Bf8 61. Kf3 h5 62. Bxh5 Rxf5+ 63. Kg3 Rf6 64. f3 Kg8 65. Rd8 Re6 66. e4
Kg7 67. Bg4 Re5 68. Bf5 Be7 69. Rd7 Kf8 70. Rb7 Ra5 71. Bd7 Ra1 72. Bc6 Rg1+ 73.
Kh3 Bd6 74. Bd5 Rg3+ 75. Kh2 Rxf3+ 76. Kg2 Rf4 77. Rd7 Be5 78. Rb7 Kg7 79. Re7
Bd6 80. Rd7 Bf8 81. e5 Kg6 1/2-1/2

[Event "PRO League Group Stage"]
[Site "chess.com INT"]
[Date "2019.02.27"]
[Round "8"]
[White "Yu, Jennifer"]
[Black "Rosenthal, Nicholas"]
[Result "1/2-1/2"]
[WhiteTitle "FM"]
[WhiteElo "2313"]
[BlackElo "2180"]
[WhiteTeam "Pittsburgh Pawngrabbers"]
[BlackTeam "Saint Louis Arch Bishops"]
[WhiteFideId "2078341"]
[BlackFideId "2045150"]
[EventDate "2019.01.08"]

1. e4 e6 2. d4 d5 3. exd5 exd5 4. Nf3 Nf6 5. Bd3 Bd6 6. Qe2+ Qe7 7. Qxe7+ Bxe7
8. Bf4 c6 9. O-O O-O 10. Re1 Re8 11. Nbd2 Nbd7 12. c3 Nf8 13. h3 Ng6 14. Bh2 Bd7
15. Ne5 Rad8 16. g4 Bc8 17. f4 Nd7 18. Ndf3 Ndxe5 19. dxe5 Nh4 20. Kf2 Nxf3 21.
Kxf3 b6 22. f5 c5 23. Bb5 Rf8 24. Rad1 Bb7 25. Kf2 a6 26. Bf1 d4 27. cxd4 cxd4
28. Bg2 Bxg2 29. Kxg2 Rc8 30. Rxd4 Rc2+ 31. Kh1 Rxb2 32. Rd7 Bb4 33. Re4 Rb1+
34. Kg2 Rb2+ 35. Kh1 Rb1+ 36. Kg2 Rb2+ 1/2-1/2

[Event "PRO League Group Stage"]
[Site "chess.com INT"]
[Date "2019.02.27"]
[Round "8"]
[White "Hong, Andrew"]
[Black "Xiong, Jeffery"]
[Result "0-1"]
[WhiteTitle "FM"]
[BlackTitle "GM"]
[WhiteElo "2390"]
[BlackElo "2672"]
[WhiteTeam "San Francisco Mechanics"]
[BlackTeam "Dallas Destiny"]
[WhiteFideId "2099438"]
[BlackFideId "2047640"]
[EventDate "2019.01.08"]

1. e4 c5 2. Nf3 Nc6 3. d4 cxd4 4. Nxd4 e6 5. Nc3 a6 6. Nxc6 bxc6 7. Bd3 d5 8.
O-O Qc7 9. Re1 Bb7 10. Qf3 Bd6 11. e5 Bf8 12. b3 Bb4 13. Bd2 c5 14. Qg4 Ne7 15.
a3 h5 16. Qg5 Ba5 17. b4 cxb4 18. axb4 Bb6 19. b5 Kf8 20. bxa6 Bc6 21. Na4 Bd4
22. Ra3 h4 23. Bb4 h3 24. g4 Qa7 25. Re2 Rb8 26. c3 Bxa4 27. Rxa4 Bc5 28. Bxc5
Qxc5 29. a7 Ra8 30. Rb2 Qc7 31. Qe3 Nc8 32. Rba2 Rh4 33. Qd4 g6 34. Be2 Kg7 35.
Qf4 Rh8 36. Qe3 Rd8 37. g5 Ne7 38. Bg4 Nc6 39. f4 d4 40. cxd4 Rxa7 41. Rxa7 Nxa7
42. Qxh3 Qc1+ 43. Kg2 Rh8 44. Qf3 Nb5 45. Qd1 Qxf4 46. Rf2 Rxh2+ 47. Kg1 Qxf2# 0-1

[Event "PRO League Group Stage"]
[Site "chess.com INT"]
[Date "2019.02.27"]
[Round "8"]
[White "Zierk, Steven"]
[Black "Holt, Conrad"]
[Result "1-0"]
[WhiteTitle "GM"]
[BlackTitle "GM"]
[WhiteElo "2510"]
[BlackElo "2548"]
[WhiteTeam "San Francisco Mechanics"]
[BlackTeam "Dallas Destiny"]
[WhiteFideId "2034255"]
[BlackFideId "2034387"]
[EventDate "2019.01.08"]

1. d4 d5 2. Bf4 c5 3. e3 Nc6 4. c3 Nf6 5. Nd2 e6 6. Ngf3 Be7 7. Ne5 Nxe5 8. dxe5
Nd7 9. Bd3 Qb6 10. b3 Qc7 11. Nf3 g5 12. Bg3 h5 13. h3 b6 14. e4 Bb7 15. exd5
Bxd5 16. c4 Bc6 17. Qe2 O-O-O 18. Be4 g4 19. Nd2 Bg5 20. f4 Be7 21. hxg4 hxg4
22. O-O-O Rxh1 23. Rxh1 f5 24. exf6 Bxf6 25. Rh7 Bc3 26. Nf1 Bd4 27. f5 e5 28.
f6 Qd6 29. f7 Qf6 30. Bxc6 Qxc6 31. Qxg4 Qxg2 32. Qxd7+ Rxd7 33. f8=Q+ Kc7 34.
Rxd7+ Kxd7 35. Qf5+ Kd6 36. Nd2 Qh1+ 37. Qf1 Qh7 38. Qf6+ Kd7 39. Bxe5 Qh1+ 40.
Kc2 Qh7+ 41. Kc1 Qh1+ 42. Kc2 Qh7+ 43. Kd1 Qh1+ 44. Ke2 Qh5+ 45. Nf3 Qg4 46.
Bxd4 cxd4 47. Qxd4+ 1-0

[Event "PRO League Group Stage"]
[Site "chess.com INT"]
[Date "2019.02.27"]
[Round "8"]
[White "Wheeler, Cameron"]
[Black "Bhat, Vinay"]
[Result "1/2-1/2"]
[WhiteTitle "IM"]
[BlackTitle "GM"]
[WhiteElo "2417"]
[BlackElo "2519"]
[WhiteTeam "Dallas Destiny"]
[BlackTeam "San Francisco Mechanics"]
[WhiteFideId "2060531"]
[BlackFideId "2011352"]
[EventDate "2019.01.08"]

1. d4 d5 2. c4 c6 3. Nf3 Nf6 4. e3 e6 5. Bd3 dxc4 6. Bxc4 Nbd7 7. O-O a6 8. a4
c5 9. Nc3 Be7 10. Ba2 O-O 11. Re1 Qc7 12. e4 cxd4 13. Nxd4 Bd6 14. g3 Be5 15. f4
Bxd4+ 16. Qxd4 e5 17. Qc4 Qxc4 18. Bxc4 Nb6 19. Bb3 Be6 20. fxe5 Ng4 21. Nd5
Nxe5 22. Kg2 Nbc4 23. Bf4 Rad8 24. Rac1 b5 25. axb5 axb5 26. Bxc4 Nxc4 27. b3
Na5 28. Bc7 Rxd5 29. exd5 Bxd5+ 30. Kf2 Nxb3 31. Rcd1 Be6 32. Re5 Bc4 33. Rd7 g6
34. Ke3 Kg7 35. Ree7 Rc8 36. Be5+ Kg8 37. Rc7 Rd8 38. Rcd7 Rc8 39. Rc7 Rd8 40.
Rcd7 Rc8 1/2-1/2

[Event "PRO League Group Stage"]
[Site "chess.com INT"]
[Date "2019.02.27"]
[Round "8"]
[White "Nguyen, Emily"]
[Black "Naroditsky, Daniel"]
[Result "0-1"]
[WhiteTitle "WIM"]
[BlackTitle "GM"]
[WhiteElo "2262"]
[BlackElo "2616"]
[WhiteTeam "Dallas Destiny"]
[BlackTeam "San Francisco Mechanics"]
[WhiteFideId "2054000"]
[BlackFideId "2026961"]
[EventDate "2019.01.08"]

1. d4 Nf6 2. Nf3 g6 3. c4 Bg7 4. g3 O-O 5. Bg2 d6 6. O-O Nbd7 7. Nc3 e5 8. dxe5
dxe5 9. Qc2 Qe7 10. Rd1 Nc5 11. e4 Bg4 12. Be3 c6 13. h3 Bxf3 14. Bxf3 Ne6 15.
Ne2 h5 16. Rd2 Kh7 17. Rad1 Bh6 18. Bxh6 Kxh6 19. h4 c5 20. Qc3 Nd4 21. Qe3+ Kg7
22. Nc3 Rad8 23. Nd5 Nxd5 24. exd5 Qd6 25. Re1 f5 26. Bg2 Rde8 27. Qc3 f4 28. a3
g5 29. hxg5 Qg6 30. b4 f3 31. Bf1 h4 32. bxc5 hxg3 33. Rxd4 exd4 34. Qxd4+ Kg8
35. Rxe8 Qxe8 36. fxg3 Qe1 37. Qf2 Qe5 38. Bh3 Kg7 39. Kh2 Qe2 40. Kg1 Qxc4 41.
Qb2+ Kg6 42. Bf1 Qxc5+ 43. Kh2 Qxd5 44. Qb1+ Kxg5 45. Qc1+ Kg6 46. Qb1+ Kg7 47.
Qb2+ Rf6 48. Qc3 Qc6 49. Qe5 Qe6 50. Qc7+ Rf7 51. Qc3+ Qf6 52. Qb4 Qh6+ 53. Kg1
Qb6+ 54. Qxb6 axb6 55. Kf2 Rf5 56. a4 Kf6 57. Bh3 Rd5 58. Bf1 Rf5 59. Bh3 Rh5
60. Bf1 Rh1 61. Bb5 Ke5 62. Kxf3 Rc1 63. Kg4 Rc3 64. Bd7 Kf6 65. Kf4 Rc4+ 66.
Kf3 Ke5 67. Bb5 Rd4 68. Be8 Rd3+ 69. Kg4 Re3 70. Bb5 Re4+ 71. Kf3 Rb4 72. Bd7
Kf6 73. Be8 Kg5 74. Bb5 Rb3+ 75. Kf2 Rc3 76. Be8 Rd3 77. Bf7 Rd4 0-1

[Event "PRO League Group Stage"]
[Site "chess.com INT"]
[Date "2019.02.27"]
[Round "8"]
[White "Bashkansky, Naomi"]
[Black "Corrales Jimenez, Fidel"]
[Result "0-1"]
[WhiteTitle "WIM"]
[BlackTitle "GM"]
[WhiteElo "1994"]
[BlackElo "2559"]
[WhiteTeam "Seattle Sluggers"]
[BlackTeam "Minnesota Blizzard"]
[WhiteFideId "2072289"]
[BlackFideId "3506690"]
[EventDate "2019.01.08"]

1. d4 Nf6 2. c4 d6 3. Nc3 g6 4. e4 Bg7 5. f3 O-O 6. Be3 a5 7. Qd2 a4 8. Bd3 c5
9. d5 a3 10. b3 Na6 11. Nge2 Nb4 12. O-O e6 13. Rad1 exd5 14. exd5 Nxd3 15. Qxd3
Re8 16. Ng3 h5 17. Bg5 Qb6 18. Nce4 Nh7 19. Bf4 Rd8 20. Bd2 h4 21. Ne2 Qc7 22.
Bc3 f6 23. Nf4 Qf7 24. b4 cxb4 25. Bxb4 Ra6 26. c5 dxc5 27. Nxc5 Bf5 28. Qd2
Raa8 29. Nfe6 Re8 30. Nxg7 Kxg7 31. Qf4 b6 32. Nb3 Rad8 33. d6 Be6 34. Rb1 h3
35. g3 g5 36. Qd4 Nf8 37. Qxb6 Rc8 38. Nc5 Nd7 39. Nxe6+ Qxe6 40. Qf2 Qc4 41.
Rfe1 Rxe1+ 42. Qxe1 Ne5 43. Qe3 Qc2 44. Re1 Qg2# 0-1

[Event "PRO League Group Stage"]
[Site "chess.com INT"]
[Date "2019.02.27"]
[Round "8"]
[White "Orlov, Georgi"]
[Black "Tang, Andrew"]
[Result "0-1"]
[WhiteTitle "IM"]
[BlackTitle "GM"]
[WhiteElo "2466"]
[BlackElo "2487"]
[WhiteTeam "Seattle Sluggers"]
[BlackTeam "Minnesota Blizzard"]
[WhiteFideId "2011271"]
[BlackFideId "2059630"]
[EventDate "2019.01.08"]

1. d4 d5 2. Nf3 Nf6 3. Bf4 e6 4. e3 c5 5. Nc3 a6 6. Be2 Bd6 7. dxc5 Bxc5 8. O-O
O-O 9. Na4 Be7 10. Ne5 b5 11. Nc3 Bb7 12. a4 b4 13. Na2 Nbd7 14. Nd3 Qb6 15.
Nac1 Ne4 16. a5 Qa7 17. Nb3 g5 18. Be5 Nxe5 19. Nxe5 Rad8 20. Qd4 Qb8 21. f4
gxf4 22. exf4 f6 23. Nd3 Qd6 24. Qb6 Qxb6+ 25. axb6 Rd6 26. Ndc5 Nxc5 27. Nxc5
Rb8 28. Bf3 Rc6 29. Nxb7 Rxb7 30. Rxa6 f5 31. Re1 Kf7 32. g4 fxg4 33. Bxg4 Rbxb6
34. Ra7 Kf6 35. Re2 Rc4 36. Kg2 Rbc6 37. Bf3 Rxc2 38. Kf1 Rxe2 39. Bxe2 h6 40.
b3 Bd6 41. Rb7 Rc3 42. Bd1 Rd3 43. Bc2 Rf3+ 44. Kg2 Rxf4 45. h3 Bc5 46. Bd1 Rd4
47. Bh5 Rd2+ 48. Kf1 Rd3 49. Rf7+ Ke5 50. Rc7 Kd6 51. Rc8 Rxb3 52. Bg4 Re3 53.
Rd8+ Kc7 54. Re8 b3 55. Rxe6 b2 56. Rxe3 b1=Q+ 57. Re1 Qd3+ 58. Re2 Qg3 59. Rc2
Qg1+ 60. Ke2 Kd6 61. Rd2 Bb4 62. Rd1 Qg2+ 63. Kd3 Qe4# 0-1

[Event "PRO League Group Stage"]
[Site "chess.com INT"]
[Date "2019.02.27"]
[Round "8"]
[White "Georgiev, Vladimir"]
[Black "Mikhalevski, Victor"]
[Result "1/2-1/2"]
[WhiteTitle "GM"]
[BlackTitle "GM"]
[WhiteElo "2483"]
[BlackElo "2581"]
[WhiteTeam "Minnesota Blizzard"]
[BlackTeam "Seattle Sluggers"]
[WhiteFideId "2903024"]
[BlackFideId "2801914"]
[EventDate "2019.01.08"]

1. d4 Nf6 2. Nf3 g6 3. Nbd2 d5 4. e3 a5 5. Bd3 Bg7 6. O-O O-O 7. e4 dxe4 8. Nxe4
Nbd7 9. Nxf6+ Nxf6 10. h3 b6 11. Re1 Bb7 12. c3 c5 13. dxc5 bxc5 14. Bf4 Qb6 15.
Qb3 Qxb3 16. axb3 Nd5 17. Bg3 Nxc3 18. bxc3 Bxc3 19. Be5 Bxe1 20. Nxe1 Bd5 21.
Bc2 c4 22. bxc4 Bxc4 23. Bc3 a4 24. Rxa4 Rxa4 25. Bxa4 Ra8 26. Bc6 Ra3 27. Bb4
Rb3 28. Ba5 Rb1 29. g4 Ra1 30. Bc3 Rc1 31. Bd2 Rd1 32. Bc3 Rc1 33. Bd2 Rd1 34.
Bc3 Rc1 35. Bd2 Rd1 36. Bc3 1/2-1/2

[Event "PRO League Group Stage"]
[Site "chess.com INT"]
[Date "2019.02.27"]
[Round "8"]
[White "Beerdsen, Thomas"]
[Black "Petrosian, Tigran L."]
[Result "1-0"]
[WhiteTitle "IM"]
[BlackTitle "GM"]
[WhiteElo "2484"]
[BlackElo "2598"]
[WhiteTeam "Minnesota Blizzard"]
[BlackTeam "Seattle Sluggers"]
[WhiteFideId "1030108"]
[BlackFideId "13301616"]
[EventDate "2019.01.08"]

1. e4 g6 2. d4 Bg7 3. Nf3 d6 4. Bc4 Nf6 5. Qe2 c6 6. Bb3 a5 7. a4 O-O 8. O-O b6
9. Rd1 Ba6 10. Qe1 d5 11. Nc3 e6 12. Bg5 h6 13. Bh4 Qc8 14. e5 Nh7 15. Be7 Re8
16. Bd6 Bf8 17. Bxf8 Rxf8 18. Qe3 Kg7 19. Ne2 c5 20. c3 Nc6 21. Ng3 Ne7 22. h4
Qc7 23. Nh2 Ng8 24. Rac1 Qe7 25. h5 Rac8 26. f4 Qh4 27. Qf2 Ne7 28. Rd2 cxd4 29.
Rxd4 Kh8 30. Nf3 Qg4 31. f5 Qxd4 32. Qxd4 gxf5 33. Qxb6 Bc4 34. Bxc4 Rxc4 35.
Nd4 Rg8 36. Nge2 Ng5 37. Qxa5 Nc6 38. Nxc6 Rxc6 39. Nd4 Rcc8 40. Qa7 Ra8 41. Qd7
Rge8 42. b4 Rad8 43. Qb5 Rb8 44. Qd3 Rec8 45. a5 Ne4 46. b5 Rc4 47. a6 Ra4 48.
Nc6 Rg8 49. Nb4 Rb8 50. Qe3 Rxb5 51. Qxh6+ Kg8 52. Nc6 f6 53. exf6 1-0

[Event "PRO League Group Stage"]
[Site "chess.com INT"]
[Date "2019.02.27"]
[Round "8"]
[White "Xiong, Jeffery"]
[Black "Zierk, Steven"]
[Result "0-1"]
[WhiteTitle "GM"]
[BlackTitle "GM"]
[WhiteElo "2672"]
[BlackElo "2510"]
[WhiteTeam "Dallas Destiny"]
[BlackTeam "San Francisco Mechanics"]
[WhiteFideId "2047640"]
[BlackFideId "2034255"]
[EventDate "2019.01.08"]

1. d4 d5 2. c4 dxc4 3. Nf3 Nf6 4. e3 e6 5. Bxc4 c5 6. O-O Nc6 7. Qe2 a6 8. Rd1
Qc7 9. Nc3 b5 10. Bb3 Bb7 11. d5 exd5 12. e4 d4 13. e5 O-O-O 14. exf6 dxc3 15.
Bg5 c4 16. Bc2 cxb2 17. Rxd8+ Nxd8 18. Rd1 g6 19. Be4 c3 20. Bxb7+ Kxb7 21. Qe4+
Qc6 22. Qc2 Bd6 23. Nd4 Qc7 24. Qe4+ Nc6 25. h4 Rd8 0-1

[Event "PRO League Group Stage"]
[Site "chess.com INT"]
[Date "2019.02.27"]
[Round "8"]
[White "Holt, Conrad"]
[Black "Hong, Andrew"]
[Result "1/2-1/2"]
[WhiteTitle "GM"]
[BlackTitle "FM"]
[WhiteElo "2548"]
[BlackElo "2390"]
[WhiteTeam "Dallas Destiny"]
[BlackTeam "San Francisco Mechanics"]
[WhiteFideId "2034387"]
[BlackFideId "2099438"]
[EventDate "2019.01.08"]

1. d4 d5 2. c4 e6 3. Nc3 c6 4. Nf3 Nf6 5. Bg5 h6 6. Bxf6 Qxf6 7. e3 g6 8. Bd3
Bg7 9. e4 dxe4 10. Nxe4 Qd8 11. c5 O-O 12. O-O Bxd4 13. Nxd4 Qxd4 14. Qe2 Nd7
15. Rad1 Qg7 16. Qe3 Kh7 17. Nd6 Nf6 18. Bc4 Nd5 19. Qc1 b5 20. Bb3 a5 21. Rfe1
Ne7 22. h4 Kh8 23. Nxc8 Raxc8 24. Rd7 Rfe8 25. Qd2 Nd5 26. Qxa5 Ra8 27. Qd2 Rad8
28. Rxe6 Rxd7 29. Rxe8+ Kh7 30. Qc1 Qd4 31. g3 Nf6 32. Re2 Ne4 33. Qf4 f5 34. h5
Qd3 35. hxg6+ Kxg6 36. g4 Ng5 37. Qxf5+ Qxf5 38. gxf5+ Kxf5 39. Kg2 Rd4 40. f3
Kf4 41. a3 Rd3 42. Be6 Nxf3 43. Rf2 Ke4 44. Bf7 Ne5 45. Be8 Rd5 46. b4 Rd3 47.
Re2+ Kf5 48. Rf2+ Ke6 49. Re2 Kf6 50. Rf2+ Ke7 51. Re2 Kxe8 52. Rxe5+ Kd7 53.
Rh5 Rxa3 54. Rxh6 Rb3 55. Rh4 Ke6 56. Kf2 Kd5 57. Ke2 Rc3 58. Kd2 Rc4 59. Rh5+
Kd4 60. Rh6 Rxb4 61. Rxc6 Rc4 62. Rb6 Kxc5 63. Ra6 Kb4 64. Ra1 Rc8 65. Rb1+ Ka4
66. Ra1+ Kb4 67. Rb1+ Ka5 68. Ra1+ Kb6 69. Rb1 Rc4 70. Kd3 Kc5 71. Ra1 Rh4 72.
Rc1+ Kb4 73. Rb1+ Ka5 74. Kc2 Ka4 75. Rg1 Rh2+ 76. Kb1 b4 77. Rg3 b3 78. Rg8 Ka3 1/2-1/2

[Event "PRO League Group Stage"]
[Site "chess.com INT"]
[Date "2019.02.27"]
[Round "8"]
[White "Naroditsky, Daniel"]
[Black "Wheeler, Cameron"]
[Result "1-0"]
[WhiteTitle "GM"]
[BlackTitle "IM"]
[WhiteElo "2616"]
[BlackElo "2417"]
[WhiteTeam "San Francisco Mechanics"]
[BlackTeam "Dallas Destiny"]
[WhiteFideId "2026961"]
[BlackFideId "2060531"]
[EventDate "2019.01.08"]

1. Nf3 d5 2. c4 d4 3. b4 f6 4. e3 e5 5. c5 dxe3 6. fxe3 Be6 7. Bb2 a5 8. a3 Ne7
9. Nc3 Nd5 10. Be2 Be7 11. O-O O-O 12. Bc4 c6 13. e4 Nf4 14. Bxe6+ Nxe6 15. Qb3
Qd7 16. Na4 Bd8 17. d4 exd4 18. Nxd4 Re8 19. Rad1 Bc7 20. Nb6 Bxb6 21. cxb6 Qf7
22. Nf5 Ng5 23. Qg3 Nxe4 24. Nh6+ Kf8 25. Bxf6 gxf6 26. Rxf6 Qxf6 27. Qg8+ Ke7
28. Qxh7+ Kf8 29. Rf1 Nf2 30. Qg8+ Ke7 31. Re1+ Kd6 32. Qxe8 Na6 33. Qxa8 Nd3
34. Nf5+ Qxf5 35. Qd8+ Qd7 36. Qxd7+ Kxd7 37. Rd1 axb4 38. Rxd3+ Ke6 39. h4 c5
40. axb4 Nxb4 41. Rc3 1-0

[Event "PRO League Group Stage"]
[Site "chess.com INT"]
[Date "2019.02.27"]
[Round "8"]
[White "Bhat, Vinay"]
[Black "Nguyen, Emily"]
[Result "1-0"]
[WhiteTitle "GM"]
[BlackTitle "WIM"]
[WhiteElo "2519"]
[BlackElo "2262"]
[WhiteTeam "San Francisco Mechanics"]
[BlackTeam "Dallas Destiny"]
[WhiteFideId "2011352"]
[BlackFideId "2054000"]
[EventDate "2019.01.08"]

1. d4 d5 2. c4 c6 3. Nc3 Nf6 4. e3 e6 5. Nf3 Nbd7 6. Qc2 Bd6 7. g4 Nxg4 8. Rg1
Qf6 9. Rxg4 Qxf3 10. Rxg7 Nf8 11. Rg2 Ng6 12. Qe2 Qxe2+ 13. Bxe2 dxc4 14. Bxc4
e5 15. Ne4 Bb4+ 16. Bd2 Bxd2+ 17. Kxd2 Be6 18. Bxe6 fxe6 19. dxe5 Nxe5 20. Rg7
O-O-O+ 21. Ke2 Rd7 22. Rag1 Rhd8 23. Rxd7 Rxd7 24. Nc5 Re7 25. Rg8+ Kc7 26. Rg7
Rxg7 27. Nxe6+ Kd6 28. Nxg7 Nc4 29. b3 Nb6 30. f4 a5 31. e4 a4 32. Ke3 c5 33.
Nf5+ Ke6 34. Kd3 axb3 35. axb3 Nd7 36. Ne3 b5 37. e5 Nb6 38. Ke4 Kf7 39. f5 b4
40. e6+ Ke8 41. f6 Kf8 42. Nd5 Nc8 43. Ke5 c4 44. bxc4 b3 45. c5 b2 46. Nc3 Na7
47. Kd5 Nb5 48. Nb1 Nc7+ 49. Kd6 Nb5+ 50. Kd7 1-0

[Event "PRO League Group Stage"]
[Site "chess.com INT"]
[Date "2019.02.27"]
[Round "8"]
[White "Ravuri, Vinesh"]
[Black "Moradiabadi, Elshan"]
[Result "0-1"]
[BlackTitle "GM"]
[WhiteElo "2042"]
[BlackElo "2546"]
[WhiteTeam "San Jose Hackers"]
[BlackTeam "Montclair Sopranos"]
[WhiteFideId "45042632"]
[BlackFideId "12501255"]
[EventDate "2019.01.08"]

1. b3 e5 2. Bb2 Nc6 3. Nf3 Bd6 4. g3 Nf6 5. Bg2 O-O 6. O-O Re8 7. d3 Bf8 8. c4
d6 9. Nc3 Bf5 10. a3 a5 11. d4 e4 12. Nh4 Bd7 13. d5 Nb8 14. Qd4 c5 15. Qd2 Na6
16. f3 e3 17. Qd3 Nc7 18. Ne4 Nh5 19. f4 b5 20. Ng5 g6 21. Bf3 Bg7 22. Bxg7 Nxg7
23. Ne4 Bf5 24. Nxf5 gxf5 25. Ng5 Rb8 26. Bg2 Qf6 27. Rab1 Rb7 28. a4 bxa4 29.
bxa4 Rb4 30. Rf3 h6 31. Nh3 Qd4 32. Rd1 Rxc4 33. Qb3 Rb4 34. Qc2 Qc4 35. Qd3
Qxd3 36. Rxd3 c4 37. Rd1 Rxa4 0-1